00667nam a2200229 a 4500001001300000003000900013005001700022008004100039020000800080082001800088100002100106245004100127260003800168300000900206500003500215505001300250650003000263902000800293942000700301952011400308999001500422nice12345678IN_TiNIC20260116012045.0050524s0000 laha grp 000 0 urd  ac700a922.97bAZA12 aAzad, Abul Kalam aTazkira Yani Maulana Abul Kalam Azad aLahorebAnarkali Kitab Gharc0000 a336p aincludes index and biblioraphy2 aarchives aAbul Kalam Azad-Biography bSRS cBK 001040708StackRoom-aHMIbHMId2007-06-06g7.00l0o922.97 AZA12p06408r2007-06-06v7.00w2005-05-24yBK c5458d5458